Concerto dei fiori for violin and strings

Hlavní autor: Bodorová, Sylvie, 1954-
Korporativní autor: Quattro (hudební skupina)
Další autoři: Štilec, Marek, 1985-, Sedláček, Jakub, Junek, Jakub, 1988-, Franců, Pavla, Ochman, Vítězslav, 1987-, Mácha, Otmar, 1922-2006., Lukáš, Zdeněk, 1928-2007., Lukáš, Zdeněk, 1928-2007., Fišer, Luboš, 1935-1999.
Vydáno: Praha : Arco Diva :Lotos, p2008
Témata:
Fyzický popis: 1 zvuková deska (64:02) : digital, stereo ; 12 cm
Zvukové nahrávky
Uloženo v:
LEADER 02860njm a2200601 a 4500
001 000950016
003 CZ BrMZK
005 20170921124844.0
007 sd fsngnnmmned
008 090626s2008 xr mun g ef d
024 3 |a 8594029811089 
028 0 1 |a UP 0100-2 131  |b Arco Diva 
040 |a BOA001  |b cze 
047 |a co  |a vr 
048 |b sa01  |a oc 
048 |b sa01  |b sb01  |a oc 
072 7 |a 787  |x Hudba pro strunné a smyčcové nástroje  |2 Konspekt  |9 9 
080 |a 787.1.082.4  |2 MRF 
080 |a 787.1.083.2  |2 MRF 
080 |a 787.1:785  |2 MRF 
080 |a (086.76)  |2 MRF 
100 1 |a Bodorová, Sylvie,  |d 1954-  |7 jn19990209063  |4 cmp 
240 1 0 |a Concerto dei fiori  |7 aun2007398547 
245 1 0 |a Concerto dei fiori for violin and strings  |h [zvukový záznam] /  |c Sylvie Bodorová.The pure virgin : variations on a Czech mediaevel song for violin and string orchestra / Otmar Mácha. Concerto grosso, op. 36 ; Dies natalis for violin and strings, op. 348 / Zdeněk Lukáš. Bern concerto "Silberwolke" for violin, viola and strings / Sylvie Bodorová 
246 3 4 |a Concertos 
246 3 4 |a Quattro plays Quattro 
260 |a Praha :  |b Arco Diva :  |b Lotos,  |c p2008 
300 |a 1 zvuková deska (64:02) :  |b digital, stereo ;  |c 12 cm 
306 |a 011402 
500 |a Concerto grosso op. 36 Z. Lukáše je pro sólové smyčcové kvarteto a smyčce 
500 |a Kompaktní deska (DDD) 
505 0 |a Bonus extra: Amoroso pro housle a klavír / Luboš Fišer (Josef Suk, housle ; Josef Hála, klavír) (Lotos recording) 
511 0 |a Jakub Sedláček, Jakub Junek, Pavla Franců, Vítězslav Ochman; housle ; Jitka Hosprová , viola ; Orchestr Quattro, Marek Štilec, dirigent 
518 |a Nahráno ve studiu Domovina v listopadu 2007 a v březnu 2008 
650 0 4 |a koncerty (housle, smyčcové nástroje) 
650 0 4 |a variace (housle, smyčcové nástroje) 
650 0 4 |a instrumentální hudba (housle, klavír) 
655 7 |a kompaktní desky  |7 fd201991  |2 czenas 
700 1 |a Štilec, Marek,  |d 1985-  |7 jx20090617026  |4 cnd 
700 1 |a Sedláček, Jakub  |7 pna2006312069  |4 itr 
700 1 |a Junek, Jakub,  |d 1988-  |7 jx20090602019  |4 itr 
700 1 |a Franců, Pavla  |7 xx0115555  |4 itr 
700 1 |a Ochman, Vítězslav,  |d 1987-  |7 mzk2014852969  |4 itr 
700 1 2 |a Mácha, Otmar,  |d 1922-2006.  |t Panna čistá  |7 aun2009553960 
700 1 2 |a Lukáš, Zdeněk,  |d 1928-2007.  |t Concerti grossi,  |n op. 36  |7 aun2009553978 
700 1 2 |a Lukáš, Zdeněk,  |d 1928-2007.  |t Dies natalis  |7 aun2009522054 
700 1 2 |a Bodorová, Sylvie,  |d 1954-  |t Bern concerto  |7 aun2009553983 
700 1 2 |a Fišer, Luboš,  |d 1935-1999.  |t Amoroso 
710 2 |a Quattro (hudební skupina)  |7 pna2008447643 
910 |a BOA001  |b CD-0015.406 
990 |a AV 
991 |b 200908 
996 6 |b 261H017086  |c CD-0015.406  |l MZK  |r Sklad / do 24 hodin  |n 0  |w 001082081  |u 000010  |a 1  |e BOA001  |j MZK50  |s P